000
00324 a2200121 4500
001
ART_12240
005
20260410161904.0
008
260409a
245
1
0
_a
AUTOREG
100
1
_a
Hendry, David F.
700
1
_a
Srba, Frank
773
0
_t
Journal of econometrics
_g
- Vol. 12, NÂș 1 (ene. 1980)
_w
REV11720
999
_c
26202
_d
26202